000 00620cab a2200205 4500
001 WB2341-22
008 090401t1987 xxu||||| |||| 00| 0 eng d
035 _a(Sirsi) u26305
041 _aeng
245 _aRICS agree to relax rules
260 _c1987
350 _a0
490 _aRICS News Service
_vPR20/87-88 12/10/87 2 pages
520 _aRICS members have voted overwhelmingly to further relax the restrictions under which they operate.
650 _aREGULATIONS
650 _aRICS RULES OF CONDUCT
690 _aMANAGEMENT-BUSINESS MANAGEMENT-PROFESSIONAL PRACTICE
942 _n0
948 _c04/03/1997
999 _c17665
_d17665